| 000 | 00870nam a2200265 i 4500 | ||
|---|---|---|---|
| 001 | 17958 | ||
| 003 | ES-MaACL | ||
| 005 | 20250718153523.0 | ||
| 007 | t| | ||
| 008 | 010629s1971 fr ||||1| fre d | ||
| 080 | _a325.46 | ||
| 080 | _a338.1(672.4) | ||
| 080 | _a308(672.4) | ||
| 100 | 1 |
_aRey, Pierre-Philippe. _996510 |
|
| 245 | 1 | 0 |
_aColonialisme, néo-colonialisme et transition au capitalisme _b: exemple de la "Comilog" au Congo-Brazzaville. |
| 260 |
_aParis : _bFrançois Maspero, _c1971. |
||
| 300 |
_a526 p. ; _c24 cm. |
||
| 490 | 1 |
_aEconomie et socialisme ; _v15 |
|
| 650 | 7 |
_aColonialismo _2embne _911149 |
|
| 651 | 4 |
_aCongo- _xSituación económica. _98078 |
|
| 651 |
_aFrancia- _xColonias- _zÁfrica. _98675 |
||
| 830 | 1 |
_aEconomie et socialisme ; _v15 _9180361 |
|
| 852 |
_aES-MaACL _jAND-35 _z- Biblioteca Juan Andrade |
||
| 999 |
_c17958 _d17958 |
||